Top 20 championnat du monde 2020 de Cyclisme sur route - Statistiques

Statistiques générales
  • Ce quiz a été pris 566 fois
  • Le résultat moyen est 10 sur 20
Statistiques - réponses
Place Pays Réponse % Correct
1er France Julian Alaphilippe
99%
2eme Belgique Wout van Aert
97%
6eme Slovénie Primoz Roglic
92%
4eme Pologne Michal Kwiatkowski
81%
8eme Espagne Alejandro Valverde
80%
3eme Suisse Marc Hirschi
77%
5eme Danemark Jakob Fuglsang
62%
12eme Canada Michael Woods
61%
7eme Australie Michael Matthews
60%
15eme Italie Vincenzo Nibali
54%
13eme France Guillaume Martin
53%
9eme Allemagne Maximillian Schachmann
43%
14eme Pays-Bas Tom Dumoulin
37%
11eme Danemark Michael Valgren
30%
19eme France Rudy Molard
28%
16eme Espagne Mikel Landa
27%
10eme Italie Damiano Caruso
22%
18eme Italie Alberto Bettiol
17%
20eme Espagne Pello Bilbao
17%
17eme Allemagne Simon Geschke
8%
Aucun quiz correspondant
Distribution des résultats
% des personnes avec chaque résultat
Percentile par nombre de réponses
Votre historique - résultats
Vous n’avez pas pris ce quiz